000 00610nam a2200193Ia 4500
008 151121s9999||||xx |||||||||||||| ||und||
082 _a813/पार्डीक
082 _bHNW-45300
100 _aपार्डीकर प्रभा
245 _aचैत्राली
260 _b"संतोष साहित्य, मुंबई।"
260 _c--
300 _a110
600 _aपार्डीकर प्रभा
630 _aचैत्राली
700 _aपार्डीकर प्रभा
730 _aचैत्राली
942 _cBOOK
999 _c1232448
_d1232445